00495nam a2200157Ia 4500003000400000005001700004008004100021040001800062041000800080082001500088100004400103245010800147260002200255600003000277650003000307OSt20260326124019.0211028s2008 xx 000 0 und d cAIMIT LIBRARY aeng a658.3 DSAR aDsa, Roopal Lita;P G Aquinas.g60471346 aA study on job satisfaction of flexi staff with reference to ma foi management consultancy, Mangalore / bP G Aquinasc2008 aHuman Resource Management aHuman Resource Management